Ochrana prevádzky v pokročilých pasívnych optických sieťach WDM-PON
Saved in:
| Main Author: | |
|---|---|
| Other Authors: | |
| Format: | Manuscript Book |
| Language: | Slovak |
| Published: |
Bratislava :
STU v Bratislave FEI,
2021
|
| Subjects: | |
| Online Access: | https://opac.crzp.sk/?fn=detailBiblioForm&sid=1D055279E2D1258CBA7E231E7F1A&seo=CRZP-detail-kniha |
| Tags: |
No Tags, Be the first to tag this record!
|
MARC
| LEADER | 00000ntm a22000003a 4500 | ||
|---|---|---|---|
| 001 | stuzp82357 | ||
| 003 | SK-STU | ||
| 005 | 20211130111706.6 | ||
| 007 | ta | ||
| 008 | 150427s2015----xo-----f-mn---000-0-slo-d | ||
| 040 | |a STU |b slo | ||
| 041 | 0 | |a slo | |
| 044 | |a xo | ||
| 100 | 1 | |a Radvanová, Katarína |u 037000 |4 aut |U FEI Fakulta elektrotechniky a informatiky |T FEI Ústav multimediálnych informačných a komunikačných technológií |X 86874 |U E070 |Y 818 |7 86874 | |
| 242 | 0 | 1 | |a Traffic Protection in Advanced WDM-PON Passive Optical Networks |y eng |
| 245 | 1 | 0 | |a Ochrana prevádzky v pokročilých pasívnych optických sieťach WDM-PON |
| 260 | |a Bratislava : |b STU v Bratislave FEI, |c 2021 | ||
| 300 | |a 60 s., príl. | ||
| 650 | 4 | |a pasívna optická sieť |2 slo | |
| 650 | 4 | |a bod-mnohobod |2 slo | |
| 650 | 4 | |a kruh |2 slo | |
| 650 | 4 | |a architektúra ochrany |2 slo | |
| 650 | 4 | |a výkonový rozpočet |2 slo | |
| 650 | 4 | |a dostupnosť |2 slo | |
| 650 | 4 | |a multiplexovanie s delením vlnových dĺžok |2 slo | |
| 650 | 4 | |a wavelength division multiplexing |2 eng | |
| 650 | 4 | |a passive optical network |2 eng | |
| 650 | 4 | |a point-multipoint |2 eng | |
| 650 | 4 | |a ring |2 eng | |
| 650 | 4 | |a architecture of protection |2 eng | |
| 650 | 4 | |a power budget |2 eng | |
| 650 | 4 | |a availability |2 eng | |
| 700 | 1 | |a Róka, Rastislav |u 037000 |k Z1 |4 ths |U FEI Fakulta elektrotechniky a informatiky |T FEI Ústav multimediálnych informačných a komunikačných technológií |X 1946 |U E070 |Y 818 |7 A000001946 | |
| 856 | 4 | |u https://opac.crzp.sk/?fn=detailBiblioForm&sid=1D055279E2D1258CBA7E231E7F1A&seo=CRZP-detail-kniha | |